000 01034nam a22002537a 4500
005 20170124103041.0
010 _aB-037491
020 _c225.00
_a8170283752
035 _aB-037491
037 _bCen Lib/Ret
040 _aDPL
_bHN
082 _a
_bवैदकृ
100 _aवैद, कृष्ण बलदेव
_96009
245 _aएक नौकरानी की डायरी /
_cकृष्ण बलदेव वैद
246 _aEk naukarani ki dairy /
_bby Krishn Baldev Vaid
260 _bराजपाल एंड संस
_a दिल्ली
_c2000
270 _b दिल्ली
_aकश्मीरी गेट
_e110006
300 _a230पृ.
_c19सेमी(सजिल्द )
650 _a हिंदी साहित्य
_x
_z
_967102
650 _a हिंदी साहित्य
_xउपन्यास
_942619
650 _aHindi literature
_967103
650 _aHindi literature
_xFiction
_967104
942 _2ddc
_cHN
_h
_mवैदकृ
999 _c116549
_d116549